Manual de cooperación internacional para la gestión ambiental y el desarrollo territorial : matriz de organizaciones internacionales para la cooperación internacional /

Detalles Bibliográficos
Autores principales: Bustos Cordero, Ana María (Autor), García Orellana, Diana (Autor)
Formato: Electrónico eBook
Lenguaje:español
Publicado: Cuenca, Ecuador : Universidad del Azuay, Casa Editora, [2023]
Edición:Segunda edición.
Materias:
Acceso en línea:Digitalia Hispánica

MARC

LEADER 00000nam a2200000 i 4500
001 DIGUAZUAY0199
003 NyNyDIG
007 cr |||||||||||
008 260115s2023 ec a ob 000 0 spa d
006 m o d
035 |a (OCoLC)1569883525 
040 |a DGITA  |b eng  |e rda  |e pn  |c DGITA 
020 |a 9789942618436  |q eBook 
020 |z 9789942618429 
043 |a s-ec--- 
050 1 4 |a HC204.5.E5 ebook 
100 1 |a Bustos Cordero, Ana María,  |e author. 
245 1 0 |a Manual de cooperación internacional para la gestión ambiental y el desarrollo territorial :  |b matriz de organizaciones internacionales para la cooperación internacional /  |c Ana María Bustos Cordero, Diana García Orellana. 
250 |a Segunda edición. 
264 1 |a Cuenca, Ecuador :  |b Universidad del Azuay, Casa Editora,  |c [2023] 
300 |a 1 online resource :  |b color illustrations. 
336 |a text  |b txt  |2 rdacontent 
337 |a computer  |b c  |2 rdamedia 
338 |a online resource  |b cr  |2 rdacarrier 
347 |a text file  |2 rdaft 
347 |b PDF 
504 |a Includes bibliographical references. 
588 0 |a Online resource; title from PDF title page (Digitalia, viewed January 15, 2026) 
650 0 |a Environmental policy  |z Ecuador. 
650 0 |a Environmental policy  |x International cooperation. 
650 0 |a Non-governmental organizations  |v Directories. 
700 1 |a García Orellana, Diana,  |e author. 
791 2 |a Digitalia (Firm),  |e distributor. 
793 0 |g Digitalia eBook Collection:  |a Universidad del Azuay 
776 0 8 |i Print version:  |a Bustos Cordero, Ana María.  |t Manual de cooperación internacional para la gestión ambiental y el desarrollo territorial : matriz de organizaciones internacionales para la cooperación internacional.  |b Segunda edición.  |d Cuenca, Ecuador : Universidad del Azuay, Casa Editora, [2023]  |z 9789942618429 
856 4 0 |3 Digitalia Hispánica  |u https://www.digitaliapublishing.com/a/133584/ 
910 |a Premium collection: 2026